Aman hon pi ka kipak hi / (Record no. 3668)

MARC details
000 -LEADER
fixed length control field 00440nam a22001697a 4500
003 - CONTROL NUMBER IDENTIFIER
control field GBCCL
005 - DATE AND TIME OF LATEST TRANSACTION
control field 20241126110500.0
008 - FIXED-LENGTH DATA ELEMENTS--GENERAL INFORMATION
fixed length control field 171201b xxu||||| |||| 00| 0 eng d
040 ## - CATALOGING SOURCE
Transcribing agency gbc
082 ## - DEWEY DECIMAL CLASSIFICATION NUMBER
Classification number VER 253.092
Item number THA
100 ## - MAIN ENTRY--PERSONAL NAME
Personal name Thangrawnlian
9 (RLIN) 7277
245 ## - TITLE STATEMENT
Title Aman hon pi ka kipak hi /
Statement of responsibility, etc. Thangrawnlian
260 ## - PUBLICATION, DISTRIBUTION, ETC.
Place of publication, distribution, etc. New Lamka:
Name of publisher, distributor, etc. Author,
Date of publication, distribution, etc. 2016
300 ## - PHYSICAL DESCRIPTION
Extent 284p.;
Dimensions 23 cm.
650 ## - SUBJECT ADDED ENTRY--TOPICAL TERM
Topical term or geographic name entry element Pastor
Form subdivision Biography
9 (RLIN) 7278
942 ## - ADDED ENTRY ELEMENTS (KOHA)
Source of classification or shelving scheme Dewey Decimal Classification
Koha item type Books
Koha issues (borrowed), all copies 1
Holdings
Withdrawn status Lost status Source of classification or shelving scheme Damaged status Not for loan Collection Home library Current Library Shelving location Date acquired Total checkouts Full call number Barcode Date last seen Copy number Price effective from Koha item type Date last checked out
    Dewey Decimal Classification       GRACE BIBLE COLLEGE GRACE BIBLE COLLEGE Vernacular 2017-12-01   VER 253.092 THA 014013 2025-05-01 c.1 2017-12-01 Books  
    Dewey Decimal Classification       GRACE BIBLE COLLEGE GRACE BIBLE COLLEGE Vernacular 2017-12-01 1 VER 253.092 THA 014014 2025-05-01 c.2 2017-12-01 Books 2018-09-11
    Dewey Decimal Classification       GRACE BIBLE COLLEGE GRACE BIBLE COLLEGE Vernacular 2017-12-01   VER 253.092 THA 014015 2025-05-01 c.3 2017-12-01 Books  
    Dewey Decimal Classification       GRACE BIBLE COLLEGE GRACE BIBLE COLLEGE Vernacular 2017-12-01   VER 253.092 THA 014016 2025-05-01 c.4 2017-12-01 Books  
© Grace Bible College Library 2025